[Event "Calabria Province-ch"]
[Site "Crotone"]
[Date "2012.12.29"]
[Round "3"]
[White "Greco, Simone"]
[Black "Guzzo, Giovanni"]
[Result "1-0"]
[WhiteElo "1740"]
[BlackElo "1711"]
[PlyCount "91"]
[EventDate "2012.12.28"]
[EventType "swiss"]
[EventRounds "5"]
[EventCountry "ITA"]
[SourceTitle "EXT 2024"]
[Source "ChessBase"]
[SourceDate "2023.10.10"]
[SourceVersion "1"]
[SourceVersionDate "2023.10.10"]
[SourceQuality "1"]

1. e4 e5 2. Nf3 Nc6 3. Bb5 Bc5 4. c3 Nge7 5. d4 exd4 6. cxd4 Bb4+ 7. Nc3 0-0 8. 0-0 a6 9. Ba4 h6 10. Be3 d6 11. h3 Ng6 12. Rc1 Nce7 13. Qd2 Kh7 14. Nh2 f5 15. f3 f4 16. Bf2 c6 17. a3 Ba5 18. b4 Bc7 19. Ne2 Ng8 20. Rc3 Qg5 21. Kh1 Nh4 22. Rg1 Ne7 23. d5 c5 24. bxc5 Ba5 25. cxd6 Bxc3 26. dxe7 Bxh3 27. Bxh4 Bxg2+ 28. Rxg2 Qxg2+ 29. Kxg2 Bxd2 30. exf8Q Rxf8 31. d6 g5 32. Bf2 b5 33. Bb3 a5 34. e5 a4 35. Ba2 b4 36. axb4 Bxb4 37. d7 Kg6 38. Bb6 Be7 39. Nd4 Bd8 40. Bxd8 Rxd8 41. Ne6 Rxd7 42. Nf8+ Kf5 43. Nxd7 h5 44. e6 g4 45. e7 gxf3+ 46. Nxf3 1-0

[Event "Amantea op-B 9th"]
[Site "Amantea"]
[Date "2011.09.06"]
[Round "3"]
[White "Olivo, Paolo"]
[Black "Greco, Simone"]
[Result "1-0"]
[WhiteElo "1815"]
[BlackElo "1570"]
[PlyCount "37"]
[EventDate "2011.09.04"]
[EventType "swiss"]
[EventRounds "8"]
[EventCountry "ITA"]
[SourceTitle "EXT 2014"]
[Source "ChessBase"]
[SourceDate "2013.11.20"]
[SourceVersion "1"]
[SourceVersionDate "2013.11.20"]
[SourceQuality "1"]

1. d4 Nf6 2. c4 e6 3. Nc3 Bb4 4. Qc2 b6 5. e4 d6 6. Bg5 e5 7. a3 Bxc3+ 8. bxc3 Bb7 9. Bd3 Qe7 10. Ne2 h6 11. Bh4 g5 12. Bg3 exd4 13. Nxd4 Bxe4 14. 0-0 Bxd3 15. Qxd3 Qd7 16. Rfe1+ Kd8 17. Qf3 Ne4 18. Rxe4 Rh7 19. Rae1 1-0

[Event "Praia op 3rd"]
[Site "Praia a Mare"]
[Date "2011.04.20"]
[Round "1"]
[White "Felace, Luca"]
[Black "Greco, Simone"]
[Result "1-0"]
[WhiteElo "1407"]
[BlackElo "1611"]
[PlyCount "68"]
[EventDate "2011.04.20"]
[EventType "swiss"]
[EventRounds "5"]
[EventCountry "ITA"]
[SourceTitle "EXT 2023"]
[Source "ChessBase"]
[SourceDate "2022.10.05"]
[SourceVersion "1"]
[SourceVersionDate "2022.10.05"]
[SourceQuality "1"]

1. e4 c5 2. Nf3 d6 3. d4 cxd4 4. Nxd4 Nf6 5. Nc3 a6 6. f4 e5 7. Nb3 Nbd7 8. Qf3 b5 9. a3 Bb7 10. Bd3 Qc7 11. 0-0 Rc8 12. Be3 Nb6 13. Bxb6 Qxb6+ 14. Qf2 Qxf2+ 15. Rxf2 Be7 16. Raf1 Bd8 17. Kh1 Bb6 18. Rf3 0-0 19. fxe5 dxe5 20. Rf5 Rce8 21. Rg5 Re6 22. Nd2 Be3 23. Nf3 Bxg5 24. Nxg5 Re7 25. Nf3 Rd8 26. h3 Nh5 27. Ne2 f5 28. Nd2 fxe4 29. Nxe4 Bxe4 30. Bxe4 Rd2 31. g4 Rxe2 32. Bd5+ Rf7 33. Rxf7 Re1+ 34. Rf1+ Kh8 1-0

[Event "St Eufemia d'Aspromonte op-B 4th"]
[Site "St Eufemia d'Aspromonte"]
[Date "2011.01.04"]
[Round "5"]
[White "Quattrone, Andrea"]
[Black "Greco, Simone"]
[Result "0-1"]
[WhiteElo "1557"]
[BlackElo "1605"]
[PlyCount "148"]
[EventDate "2011.01.02"]
[EventType "swiss"]
[EventRounds "8"]
[EventCountry "ITA"]
[SourceTitle "EXT 2013"]
[Source "ChessBase"]
[SourceDate "2012.11.22"]
[SourceVersion "1"]
[SourceVersionDate "2012.11.22"]
[SourceQuality "1"]

1. d4 Nf6 2. c4 g6 3. Nc3 Bg7 4. e4 d6 5. Be3 0-0 6. Qd2 a6 7. Bh6 c5 8. d5 Nbd7 9. Nf3 Re8 10. Bxg7 Kxg7 11. a4 h6 12. Be2 e6 13. 0-0 Qe7 14. Rab1 Rb8 15. b4 cxb4 16. Rxb4 Nc5 17. e5 Nfe4 18. Nxe4 Nxe4 19. Qd4 exd5 20. cxd5 Bf5 21. exd6+ Qf6 22. Qxf6+ Nxf6 23. Nd4 Be4 24. Bc4 Red8 25. h3 Bxd5 26. Re1 Bxc4 27. Rxc4 Rxd6 28. Re7 Rd7 29. Rxd7 Nxd7 30. Rc7 Nb6 31. a5 Nd5 32. Rd7 Nb4 33. Ne6+ Kg8 34. Nc5 b6 35. axb6 Rxb6 36. Nb7 Nc6 37. Nd6 Ne5 38. Rd8+ Kh7 39. Ne4 a5 40. Re8 Nc4 41. Re7 Kg7 42. Rc7 Nd6 43. Nxd6 Rxd6 44. Ra7 Rd5 45. Kf1 Kf6 46. Ke2 Ke6 47. Kf1 f6 48. Rh7 h5 49. Rg7 g5 50. Rh7 h4 51. Ra7 Ke5 52. Ra6 Kf5 53. Ke2 Ke5 54. Ke3 Kf5 55. g3 hxg3 56. fxg3 Rb5 57. Kf3 Rb3+ 58. Kf2 Ra3 59. h4 Kg6 60. h5+ Kxh5 61. Rxf6 Kg4 62. Ra6 Ra2+ 63. Kg1 Kxg3 64. Kf1 g4 65. Ra7 a4 66. Ra6 a3 67. Ra7 Ra1+ 68. Ke2 Kg2 69. Ra6 g3 70. Ra7 Ra2+ 71. Ke1 Kh1 72. Rg7 Rg2 73. Rh7+ Rh2 74. Rg7 g2 0-1

[Event "St Eufemia d'Aspromonte op-B 4th"]
[Site "St Eufemia d'Aspromonte"]
[Date "2011.01.03"]
[Round "2"]
[White "Greco, Simone"]
[Black "Luppino, Domenico"]
[Result "1-0"]
[WhiteElo "1605"]
[BlackElo "1512"]
[PlyCount "89"]
[EventDate "2011.01.02"]
[EventType "swiss"]
[EventRounds "8"]
[EventCountry "ITA"]
[SourceTitle "EXT 2013"]
[Source "ChessBase"]
[SourceDate "2012.11.22"]
[SourceVersion "1"]
[SourceVersionDate "2012.11.22"]
[SourceQuality "1"]

1. e4 e5 2. Nf3 Nc6 3. Bb5 d6 4. d4 Bd7 5. 0-0 Nf6 6. Nc3 Be7 7. Re1 0-0 8. Bxc6 Bxc6 9. dxe5 dxe5 10. Qxd8 Raxd8 11. Nxe5 Bd7 12. Nxd7 Rxd7 13. Bg5 Re8 14. e5 Nd5 15. Rad1 Bxg5 16. Rxd5 Rxd5 17. Nxd5 c6 18. Nc3 Re6 19. Re4 Bc1 20. Na4 f6 21. f4 Kf7 22. b3 Ba3 23. b4 b6 24. Kf2 c5 25. bxc5 Bxc5+ 26. Nxc5 bxc5 27. Ke3 fxe5 28. Rxe5 Rxe5+ 29. fxe5 Ke6 30. Ke4 g6 31. c4 a6 32. h4 h6 33. g4 h5 34. g5 a5 35. a4 Kd7 36. Kd5 Ke7 37. Kxc5 Ke6 38. Kd4 Kf5 39. Kd5 Kg4 40. e6 Kxh4 41. e7 Kxg5 42. e8Q h4 43. c5 h3 44. c6 h2 45. Qh8 1-0

[Event "Praia op 2nd"]
[Site "Praia a Mare"]
[Date "2010.04.01"]
[Round "2"]
[White "Greco, Simone"]
[Black "Gad, Ahmad"]
[Result "0-1"]
[WhiteElo "1587"]
[BlackElo "1963"]
[PlyCount "80"]
[EventDate "2010.03.31"]
[EventType "swiss"]
[EventRounds "5"]
[EventCountry "ITA"]
[SourceTitle "EXT 2023"]
[Source "ChessBase"]
[SourceDate "2022.10.05"]
[SourceVersion "1"]
[SourceVersionDate "2022.10.05"]
[SourceQuality "1"]

1. e4 c5 2. Nf3 Nc6 3. d4 cxd4 4. Nxd4 g6 5. c4 Bg7 6. Be3 d6 7. Nc3 Nf6 8. f3 0-0 9. Be2 Be6 10. Nxe6 fxe6 11. 0-0 e5 12. Qd2 Kh8 13. Rfd1 Nd7 14. Nd5 Nd4 15. Bg5 Bf6 16. Bh6 Bg7 17. Bg5 Nf6 18. Nxf6 Bxf6 19. Be3 Bg7 20. Bxd4 exd4 21. Qb4 b6 22. Rd3 Bh6 23. Kf1 Be3 24. Bd1 Rc8 25. Ba4 e5 26. Bb5 Qh4 27. Qe1 Qxh2 28. Rxe3 Qh1+ 29. Kf2 dxe3+ 30. Kxe3 Qxg2 31. Qe2 Qxe2+ 32. Kxe2 Rf4 33. Rh1 a6 34. Bxa6 Ra8 35. Bb7 Rxa2 36. Rb1 Rh4 37. Kd3 Rh3 38. Ke3 Rh2 39. Rd1 Raxb2 40. f4 Rh3# 0-1

[Event "Calabria Region-ch"]
[Site "Amantea"]
[Date "2009.05.30"]
[Round "1"]
[White "Greco, Simone"]
[Black "Caputo, Francesco"]
[Result "0-1"]
[WhiteElo "1377"]
[BlackElo "1584"]
[PlyCount "96"]
[EventDate "2009.05.30"]
[EventType "swiss"]
[EventRounds "6"]
[EventCountry "ITA"]
[SourceTitle "EXT 2011"]
[Source "ChessBase"]
[SourceDate "2010.11.26"]
[SourceVersion "1"]
[SourceVersionDate "2010.11.26"]
[SourceQuality "1"]

1. e4 e5 2. Nf3 Nc6 3. Bb5 a6 4. Bxc6 dxc6 5. Nc3 Bd6 6. 0-0 Nf6 7. d4 Bg4 8. d5 cxd5 9. Bg5 d4 10. Nd5 h6 11. Bh4 g5 12. Bg3 Nxe4 13. Qe1 Bxf3 14. gxf3 Nxg3 15. fxg3 c6 16. Nb4 Bxb4 17. Qxb4 Qe7 18. Qxe7+ Kxe7 19. Rae1 f6 20. f4 gxf4 21. gxf4 Rhg8+ 22. Kh1 Ke6 23. fxe5 fxe5 24. Re2 Rg5 25. Ref2 Rg6 26. h4 Kd5 27. Rf6 Rag8 28. h5 Rg5 29. R6f2 Rxh5+ 30. Rh2 Rxh2+ 31. Kxh2 Rg5 32. Rf7 Rh5+ 33. Kg3 b6 34. Rf6 Rg5+ 35. Kf3 h5 36. c4+ Kxc4 37. Rxc6+ Kb5 38. Re6 a5 39. b3 Kc5 40. Ke4 b5 41. a3 a4 42. b4+ Kc4 43. Rb6 Rg3 44. Rh6 Re3+ 45. Kf5 d3 46. Rxh5 d2 47. Rh1 Re1 48. Rxe1 dxe1Q 0-1